[Event "Treviso WE op 28th"]
[Site "Treviso"]
[Date "2004.12.05"]
[Round "2.17"]
[White "Pesco, Giuseppe"]
[Black "Padovan, Antonio"]
[Result "1-0"]
[WhiteElo "2084"]
[BlackElo "1667"]
[PlyCount "75"]
[EventDate "2004.12.04"]
[EventType "swiss"]
[EventCountry "ITA"]
[SourceTitle "EXT 2024"]
[Source "ChessBase"]
[SourceDate "2023.10.10"]
[SourceVersion "1"]
[SourceVersionDate "2023.10.10"]
[SourceQuality "1"]

1. Nf3 Nf6 2. c4 g6 3. g3 Bg7 4. Nc3 d6 5. Bg2 e5 6. 0-0 0-0 7. d4 Nc6 8. Bg5 h6 9. Bxf6 Bxf6 10. Nd5 Bg7 11. dxe5 dxe5 12. Qc2 Nd4 13. Nxd4 exd4 14. Rad1 c6 15. Nf4 Qa5 16. a3 Bf5 17. Qb3 Qb6 18. Qa2 Bc2 19. Rc1 Bb3 20. Qb1 Rfe8 21. Qd3 Ba4 22. b4 Rac8 23. Bh3 Rcd8 24. Qf3 Re7 25. Nd3 Rde8 26. Nc5 Qd8 27. Nxa4 Rxe2 28. Nc5 R8e7 29. Nd3 Qe8 30. Nf4 Ra2 31. Rcd1 Rc2 32. c5 Rc3 33. Rd3 Rc2 34. Qg4 Ra2 35. Qd1 Bh8 36. Qb3 Ree2 37. Nxe2 Qxe2 38. Rf3 1-0